General Knowledge / (Record no. 133432)

MARC details
000 -LEADER
fixed length control field 00636nam a22002297a 4500
005 - DATE AND TIME OF LATEST TRANSACTION
control field 20170124110209.0
010 ## - LIBRARY OF CONGRESS CONTROL NUMBER
LC control number A-951445
020 ## - INTERNATIONAL STANDARD BOOK NUMBER
Terms of availability 00.00
035 ## - SYSTEM CONTROL NUMBER
System control number A-951445
037 ## - SOURCE OF ACQUISITION
Source of stock number/acquisition Cen Lib/Ret
040 ## - CATALOGING SOURCE
Original cataloging agency DPL
Language of cataloging EN
082 ## - DEWEY DECIMAL CLASSIFICATION NUMBER
Classification number 000
Item number DHI
100 ## - MAIN ENTRY--PERSONAL NAME
Personal name Dhillon, Rajendar
9 (RLIN) 37931
245 ## - TITLE STATEMENT
Title General Knowledge /
Statement of responsibility, etc by Rajendar Dhillon
260 ## - PUBLICATION, DISTRIBUTION, ETC. (IMPRINT)
Place of publication, distribution, etc Delhi
Name of publisher, distributor, etc Dhillon Group Publications
Date of publication, distribution, etc 1999
270 ## - ADDRESS
Address Delhi
City Delhi
Postal code 110028
300 ## - PHYSICAL DESCRIPTION
Extent Various Pages
Dimensions 23cm(Hb)
650 ## - SUBJECT ADDED ENTRY--TOPICAL TERM
Topical term or geographic name as entry element General Knowledge
9 (RLIN) 37932
650 ## - SUBJECT ADDED ENTRY--TOPICAL TERM
Topical term or geographic name as entry element Defence Service Examination
9 (RLIN) 37933
700 ## - ADDED ENTRY--PERSONAL NAME
9 (RLIN) 37914
942 ## - ADDED ENTRY ELEMENTS (KOHA)
Source of classification or shelving scheme Dewey Decimal Classification
Koha item type English Books
Classification part 000
Call number suffix DHI
Holdings
Withdrawn status Lost status Damaged status Not for loan Home library Current library Date acquired Source of acquisition Cost, normal purchase price Total Checkouts Full call number Barcode Date last seen Date checked out Copy number Cost, replacement price Price effective from Koha item type Public note
Written off       Central Library Central Library 25/07/2015 Cen Lib/Ret 0.00 2 000 DHI A-951445 04/07/2018 19/06/2018 1 0.00 25/07/2015 English Books W/d List No. 6900/18 ; dtd 23/10/2020

© Delhi Public Library
Hit Counter
free hit counter